00294nam a2200121Ia 45000030006000000080041000060400015000471000015000622450038000772600028001155460012001430050017001550STCL150530s9999 xx 000 0 und d aSTCLcSTCL aBurton, M. aBulletin Madras government museum bMadras Governmentc1937 aEnglish20220125170417.0